000 00236nam a2200097Ia 4500
008 220204s9999 xx 000 0 und d
082 _a581.2(035)
_bPLA
245 0 _aPlant protection manual
260 _aBangalore
_bUAS
_c1970
942 _cBK
999 _c21887
_d21887